| 000 | 00804nam a2200205Ia 4500 | ||
|---|---|---|---|
| 003 | GCL | ||
| 008 | 140319s9999 xx 000 0 ara d | ||
| 040 |
_aGCL / _cGCL |
||
| 082 | 0 | 4 |
_aق _b913.031 _bم ا |
| 100 | 1 | _aمنير بسطا | |
| 245 | 1 | 0 |
_aاهم المعالم الاثرية بمنطقة سقارة وميت رهينه / _cمنير بسطا |
| 260 |
_aالقاهرة : _bالهيئة العامة لشئون المطابع الاميرية ، _c1978 |
||
| 300 |
_aمتعدد ؛ _c30 سم |
||
| 650 | 0 | 4 | _aالاثار الفرعونية |
| 650 | 0 | 4 | _aمصر - الاثار الفرعونية |
| 650 | 0 | 4 | _aمصر القديمة - تاريخ |
| 650 | 0 | 4 | _aسقارة - الاثار الفرعونية |
| 650 | 0 | 4 | _aميت رهينة - الاثار الفرعونية |
| 942 |
_2ddc _cBK |
||
| 999 |
_c29049 _d29049 |
||